|
|
|
|
| LEADER |
00000nam a2200000Ia 4500 |
| 008 |
170203b2007 us ||||| |||| 00| | eng d |
| 999 |
|
|
|c 465
|d 465
|
| 020 |
|
|
|a 9780470131138
|
| 090 |
|
|
|a 08.15.02
|b 1526
|
| 100 |
1 |
|
|9 2233
|a Larson, Lisa
|
| 245 |
1 |
0 |
|a Flash Video for professionals: expert techniques for integrating video on the web /
|c Lisa Larson, Renée Costantini
|
| 260 |
|
|
|a Indiana, U.S. :
|b Wiley Publishing, Inc,
|c 2007
|
| 300 |
|
|
|a 362 páginas
|
| 500 |
|
|
|a Disponible únicamente en Inglés
|
| 650 |
1 |
4 |
|a PROGRAMAS DE COMPUTADORA
|9 1302
|
| 700 |
1 |
|
|9 145
|a Costantini, Renée
|
| 942 |
|
|
|i 003645
|h 08.15.02 1526
|2 z
|c 01
|